000 00600nam a2200217Ii 4500
003 JO-AjNU
008 230606s9999||||xx |||||||||||||| ||und||
020 _a978-0-19-437239-8
040 _aJO-AjNU
_beng
_erda
_cJO-AjNU
041 _aeng
050 1 4 _aPE1133.R55 2009
100 3 _aتأليف Roach,Peter,
_eauthor
_91984
245 0 0 _aPhonetics
250 _a1 ed
264 3 1 _aNew York:Cambridge University Press,2009
300 _a116p
336 _atext
_btxt
_2rdacontent
337 _aunmediated
_bn
_2rdamedia
338 _avolume
_bnc
_2rdacarrier
650 4 _aPhonetics-English
_91985
999 _aE1043
_c1043
_d1043